000 00339 a2200157 4500
001 61066
020 _a9788516062569
040 _cAnchieta - Pituba
240 1 0 _aLog in to english 4
_lIng
245 1 0 _aLog in to english 4
300 _a136
362 0 _a2009
440 1 _aModerna
650 4 _aInglês e inglês antigo
942 _cBK
999 _c61066
_d61066